000 00390nam a2200133Ia 4500
008 151001s9999||||xx |||||||||||||| ||und||
100 _aसरोजिनी शारंगपाणी
245 _aब्रम्हास्त्र
250 _a1
260 _bरविराज प्रकाशन पुणे
260 _c1996
300 _a113
365 _b21
999 _c972843
_d972840